000 00464nam a2200205Ia 4500
008 240510s9999 xx 000 0 und d
020 _a0000872876128
041 _aEng
082 _a025
082 _bS13
100 _aSCHULLER, N.S.
245 0 _aManagement for visual resources collection
250 _a2nd ed.
260 _bLibraries Unlimited Inc.
260 _c1989
300 _a169 p.
650 _aManagement
942 _2ddc
942 _cLBK
999 _c26180
_d26180
945 _a1
_bMadushi Gamage
_c1
_dMadushi Gamage